Top 30 Most Polluted Countries in the World 2013 - Statistics

General Stats
  • This quiz has been taken 286 times
  • The average score is 14 of 20
Answer Stats
% Correct
Greenhouse Gasses, Vehicle Congestion,Traffic India
96%
Air Toxins, Hazardous Chemicals, High Industrialization China
95%
"The Industrial Leader and Revolutionary of all" United States of America
93%
Severe Industrialization United Kingdom
90%
Automobiles, Severe Industrialization, lead chemical Russia
88%
Toxic Waste, Air Pollution Brazil
84%
Air Pollution from Neighboring Countries Japan
84%
Air Pollution Germany
82%
Air Pollution, lead production South Africa
82%
Severe Industrialization South Korea
76%
Vehicle Emissions, Unsanitary Practices, Air Pollution Iran
75%
Energy Production,Vehicle Emissions Canada
73%
Air Pollution, Waste Toxins, Fabric Waste, Water Pollution Indonesia
73%
Oil Production, Air Pollution Saudi Arabia
70%
Overpopulation, Water Pollution, Traffic, Toxins Bangladesh
69%
Radionuclides Ukraine
66%
Oil Production, Toxic Waste Nigeria
63%
Water Pollution, Air Pollution, Unsanitary Practices Somalia
17%
Agriculture, Water Pollution Ghana
12%
Air pollution, Traffic Congestion, lead production Zambia
7%
No matching quizzes found
Score Distribution
Percent of People with Each Score
Percentile by Number Answered
Your Score History
You have not taken this quiz